[Event "World Youth U16 Olympiad"]
[Site "Gyor HUN"]
[Date "2014.12.21"]
[Round "10.12"]
[Board "2"]
[White "Tica, Sven"]
[Black "Kozak, Adam"]
[Result "1-0"]
[BlackTitle "FM"]
[WhiteElo "2236"]
[BlackElo "2307"]
[WhiteTeam "Croatia"]
[BlackTeam "Hungary 2"]
[WhiteFideId "14526948"]
[BlackFideId "753246"]
[EventDate "2014.12.13"]

1. d4 d5 2. c4 c6 3. cxd5 cxd5 4. Bf4 Nc6 5. e3 Nf6 6. Nc3 a6 7. Bd3 Bg4 8. Nge2
e6 9. f3 Bh5 10. O-O Bd6 11. Na4 O-O 12. Rc1 Bg6 13. Bxg6 hxg6 14. Nc5 Bxc5 15.
Rxc5 Nd7 16. Rc3 Rc8 17. Qd2 Re8 18. Nc1 Nb6 19. b3 Nd7 20. Nd3 Qe7 21. Rfc1
Rcd8 22. Bc7 Rc8 23. Bf4 Rcd8 24. Bc7 Ra8 25. Bg3 Qg5 26. R3c2 Qe7 27. Bf2 Rad8
28. Bg3 g5 29. Nc5 Nxc5 30. Rxc5 Rc8 31. a4 Qd8 32. Qc3 a5 33. Qd3 Qd7 34. Qb5
Ra8 35. Be1 Qe7 36. Bd2 Ra7 37. Qd3 Qd8 38. Qb5 Qe7 39. Qe2 Rd8 40. Qe1 Rda8 41.
e4 Nxd4 42. exd5 Nxb3 43. Rc8+ Kh7 44. R1c7 Qa3 45. Bxg5 Rxc8 46. Qe4+ f5 47.
Qh4+ Kg6 48. Rxg7+ Kxg7 49. Qh6+ Kf7 50. dxe6+ Kg8 51. Qg6+ Kf8 52. Qf7# 1-0

[Event "World Youth U16 Olympiad"]
[Site "Gyor HUN"]
[Date "2014.12.21"]
[Round "10.12"]
[Board "3"]
[White "Juhasz, Armin"]
[Black "Livaic, Leon"]
[Result "1-0"]
[WhiteTitle "FM"]
[WhiteElo "2268"]
[BlackElo "2193"]
[WhiteTeam "Hungary 2"]
[BlackTeam "Croatia"]
[WhiteFideId "724270"]
[BlackFideId "14531534"]
[EventDate "2014.12.13"]

1. Nf3 Nf6 2. c4 b6 3. g3 Bb7 4. Bg2 e6 5. O-O Be7 6. Nc3 O-O 7. Re1 d5 8. cxd5
Nxd5 9. Nxd5 exd5 10. d4 Nd7 11. Bf4 c5 12. Qa4 a6 13. dxc5 Nxc5 14. Qd1 Ne6 15.
Be5 Bf6 16. e3 Bxe5 17. Nxe5 Qd6 18. Nf3 Rac8 19. Nd4 Rc7 20. Qd2 Rfc8 21. Rad1
Nxd4 22. Qxd4 Rc4 23. Qd3 Rc2 24. Re2 Rxe2 25. Qxe2 Qe5 26. Qd2 g6 27. Rc1 Rxc1+
28. Qxc1 a5 29. Bf3 Kf8 30. Kg2 Ke7 31. Qc2 h5 32. h4 Qf6 33. Qc7+ 1-0

[Event "World Youth U16 Olympiad"]
[Site "Gyor HUN"]
[Date "2014.12.21"]
[Round "10.12"]
[Board "4"]
[White "Ljikar, Tamara"]
[Black "Zsirai, Peter"]
[Result "0-1"]
[WhiteElo "1848"]
[BlackElo "2301"]
[WhiteTeam "Croatia"]
[BlackTeam "Hungary 2"]
[WhiteFideId "14530767"]
[BlackFideId "727423"]
[EventDate "2014.12.13"]

1. e4 c5 2. Nc3 a6 3. g3 b5 4. Bg2 Bb7 5. f4 e6 6. d3 d5 7. f5 d4 8. fxe6 dxc3
9. exf7+ Kxf7 10. Nf3 Ke8 11. O-O Be7 12. bxc3 Nd7 13. Bh3 Bc6 14. Bf4 Ra7 15.
Be6 Bf6 16. Bd6 Nh6 17. Nh4 Nf8 18. Bxf8 Rxf8 19. Qh5+ Nf7 20. Qxc5 Rc7 21. Nf5
Bxe4 22. Qe3 Bxf5 23. Rxf5 Re7 24. d4 Qb6 25. Re1 Nd8 26. Rxf6 Rxf6 27. Bd7+
Kxd7 28. Qxe7+ Kc8 29. Qxg7 Rf7 30. Qg4+ Kb7 31. Qh5 Qf6 32. Qe2 Nc6 33. d5 Na5
34. Qe8 Nc4 35. a4 Nd2 36. Kg2 Qf3+ 37. Kh3 Qh5+ 0-1

[Event "World Youth U16 Olympiad"]
[Site "Gyor HUN"]
[Date "2014.12.21"]
[Round "10.13"]
[Board "2"]
[White "Dai, Changren"]
[Black "Doknjas, John"]
[Result "1-0"]
[BlackTitle "CM"]
[WhiteElo "2301"]
[BlackElo "2080"]
[WhiteTeam "China"]
[BlackTeam "Canada 2"]
[WhiteFideId "8608156"]
[BlackFideId "2608367"]
[EventDate "2014.12.13"]

1. e4 c5 2. Nf3 d6 3. d4 cxd4 4. Nxd4 Nf6 5. Nc3 a6 6. Be3 e5 7. Nb3 Be7 8. Be2
Be6 9. O-O O-O 10. Qd2 Nbd7 11. a4 Qc7 12. a5 Rfd8 13. Bf3 b5 14. Nd5 Nxd5 15.
exd5 Bf5 16. Rac1 Bf6 17. Be2 Nc5 18. f3 Rac8 19. Na1 e4 20. b4 Na4 21. c4 Bb2
22. c5 Bxa1 23. Rxa1 dxc5 24. Rxa4 bxa4 25. bxc5 Qe5 26. Rd1 Be6 27. fxe4 Qxe4
28. d6 Qe5 29. Bd4 Qf5 30. Qe3 Re8 31. Qg3 Qg6 32. Bxa6 Qxg3 33. hxg3 Ra8 34.
Bb7 Rxa5 35. c6 Rd5 36. d7 Bxd7 37. cxd7 Rxd7 38. Bc6 Rxd4 39. Rxd4 Rc8 40. Bxa4
g6 41. Rd7 Kg7 42. Bb3 Rf8 43. Kf2 g5 44. g4 Kg6 45. Kf3 Kg7 46. Ke4 h6 47. Kf5
Kh7 48. Rxf7+ 1-0

[Event "World Youth U16 Olympiad"]
[Site "Gyor HUN"]
[Date "2014.12.21"]
[Round "10.13"]
[Board "3"]
[White "Zhu, Hong Rui"]
[Black "Xu, Yi"]
[Result "0-1"]
[BlackTitle "FM"]
[WhiteElo "2085"]
[BlackElo "2360"]
[WhiteTeam "Canada 2"]
[BlackTeam "China"]
[WhiteFideId "2614740"]
[BlackFideId "8605564"]
[EventDate "2014.12.13"]

1. e4 c5 2. Ne2 Nc6 3. d4 cxd4 4. Nxd4 e6 5. Nc3 Qc7 6. g3 a6 7. Bg2 d6 8. O-O
Bd7 9. Nxc6 Bxc6 10. a4 Nf6 11. Be3 Be7 12. a5 Rc8 13. Bb6 Qb8 14. Re1 O-O 15.
Bd4 Rfe8 16. Na4 Qc7 17. Nb6 Rcd8 18. c4 e5 19. Bc3 Nd7 20. Bh3 Nxb6 21. axb6
Qxb6 22. Ba5 Qxb2 23. Re2 Qd4 24. Qxd4 exd4 25. Bxd8 Bxd8 26. f3 Bg5 27. Ra3
Be3+ 28. Kh1 f6 29. Rc2 Re5 30. Bf1 f5 31. Bd3 fxe4 32. Bxe4 Rxe4 33. fxe4 Bxe4+
34. Rg2 d3 35. Ra1 d2 36. h4 Bf3 37. Kh2 d1=Q 38. Rxd1 Bxd1 39. Rb2 b6 40. Rb1
Bg4 41. Re1 Bc5 42. Re7 d5 43. Re5 d4 44. Kg2 d3 45. Rd5 Be2 46. g4 Be3 47. g5
d2 0-1

[Event "World Youth U16 Olympiad"]
[Site "Gyor HUN"]
[Date "2014.12.21"]
[Round "10.13"]
[Board "4"]
[White "Zhang, Jiabao"]
[Black "Doknjas, Joshua"]
[Result "1-0"]
[WhiteElo "2089"]
[BlackElo "2005"]
[WhiteTeam "China"]
[BlackTeam "Canada 2"]
[WhiteFideId "8606560"]
[BlackFideId "2614316"]
[EventDate "2014.12.13"]

1. e4 c5 2. Nf3 d6 3. Bb5+ Nd7 4. c4 Nf6 5. Nc3 g6 6. O-O Bg7 7. d3 O-O 8. Ba4
Ne8 9. Be3 Nc7 10. Qd2 a6 11. Bh6 e5 12. Bxg7 Kxg7 13. Bxd7 Bxd7 14. Ne1 Ne6 15.
Ne2 f5 16. f4 Bc6 17. fxe5 dxe5 18. exf5 gxf5 19. Qe3 Qf6 20. Nf3 Bxf3 21. Qxf3
Rf7 22. Ng3 Nd4 23. Qd5 Qe7 24. Rae1 Re8 25. Re3 Kh8 26. Rxe5 Qxe5 27. Qxf7 Rg8
28. Nxf5 Ne6 29. Ng3 Rf8 30. Qxb7 Qd4+ 31. Kh1 Rxf1+ 32. Nxf1 Qxd3 33. Qf3 Qxc4
34. b3 Qd4 35. h3 Nf4 36. Ng3 Qf6 37. Kh2 Qe5 38. Qe4 Qb8 39. Nf5 Ng6+ 40. Kh1
Qd8 41. h4 Qf6 42. Kh2 Nf8 43. g3 Qb2+ 44. Kh3 Qa1 45. Ne3 Qg7 46. Nc4 Qd7+ 47.
g4 Ne6 48. Qf5 Qc6 49. Kg3 Kg8 50. Ne5 Qd6 51. Qf7+ Kh8 52. Qf6+ Kg8 53. h5 a5
54. h6 a4 55. Kh4 axb3 56. Qf7+ Kh8 57. Qf6+ Kg8 58. axb3 Qd8 59. Qxd8+ Nxd8 60.
g5 Ne6 61. Nd3 Kf7 62. Kh5 Nd4 63. Nxc5 Nc6 64. Nd3 Ne7 65. b4 Ke6 66. Kg4 Kd6
67. Nf4 Ng8 68. Nh5 1-0

[Event "World Youth U16 Olympiad"]
[Site "Gyor HUN"]
[Date "2014.12.21"]
[Round "10.14"]
[Board "1"]
[White "Taalaibekov, Tagir"]
[Black "Mesaros, Florian"]
[Result "1/2-1/2"]
[WhiteElo "2047"]
[BlackElo "2370"]
[WhiteTeam "Kyrgyzstan"]
[BlackTeam "Austria"]
[WhiteFideId "13801163"]
[BlackFideId "1629220"]
[EventDate "2014.12.13"]

1. d4 Nf6 2. Nf3 g6 3. c4 Bg7 4. g3 c6 5. Nc3 d5 6. Bg2 O-O 7. cxd5 cxd5 8. O-O
Nc6 9. Bf4 Ne4 10. Rc1 Nxc3 11. bxc3 Bf5 12. Nd2 Rc8 13. Qb3 e6 14. Qxb7 Qb6 15.
Qxb6 axb6 16. e4 dxe4 17. Nxe4 Bxe4 18. Bxe4 Na5 19. Rfd1 Rfd8 20. Rb1 Rxc3 21.
Rxb6 f5 22. Bg2 Bxd4 23. Rbb1 Rcc8 24. Bg5 Rd6 25. Be7 Rb6 26. Rxb6 Bxb6 27. Rd2
Rc1+ 28. Bf1 Nc4 29. Re2 Kf7 30. Bg5 Ra1 31. Kg2 Nd6 32. Bf4 Ne4 33. Be5 Rb1 34.
Rc2 g5 35. h3 h5 36. a4 g4 37. hxg4 hxg4 38. Bd3 Ng5 39. Rb2 Rxb2 40. Bxb2 Ba5
41. Be2 Ne4 42. f3 gxf3+ 43. Bxf3 Nd2 44. Bc6 Nc4 45. Bd4 e5 46. Bd5+ Kf6 47.
Bxc4 1/2-1/2

[Event "World Youth U16 Olympiad"]
[Site "Gyor HUN"]
[Date "2014.12.21"]
[Round "10.14"]
[Board "2"]
[White "Kiss, Balint"]
[Black "Isaev, Chingys"]
[Result "1/2-1/2"]
[WhiteElo "2090"]
[BlackElo "1949"]
[WhiteTeam "Austria"]
[BlackTeam "Kyrgyzstan"]
[WhiteFideId "743763"]
[BlackFideId "13801660"]
[EventDate "2014.12.13"]

1. e4 d5 2. exd5 Qxd5 3. Nc3 Qd6 4. d4 Nf6 5. Nf3 c6 6. Ne5 Nbd7 7. Bf4 Nd5 8.
Nxd5 Qxd5 9. Qf3 Qxf3 10. Nxf3 Nb6 11. Be2 Bf5 12. O-O-O h6 13. Rhe1 e6 14. Bd3
Bg4 15. Be4 Nd5 16. Be5 Nf6 17. Bxf6 gxf6 18. h3 Bxf3 19. Bxf3 O-O-O 20. a3 Bg7
21. g4 f5 22. gxf5 Bxd4 23. fxe6 fxe6 24. Rxe6 Bxf2 25. Bg4 Kc7 26. Re7+ Kb6 27.
Rf1 Rhf8 28. Kb1 Bc5 29. Ref7 Rxf7 30. Rxf7 Rf8 31. Rh7 Be3 32. Re7 Bg5 33. Rh7 1/2-1/2

[Event "World Youth U16 Olympiad"]
[Site "Gyor HUN"]
[Date "2014.12.21"]
[Round "10.14"]
[Board "4"]
[White "Mayrhuber, Nikola"]
[Black "Musaeva, Shakhnazi"]
[Result "1/2-1/2"]
[WhiteElo "1765"]
[BlackElo "1559"]
[WhiteTeam "Austria"]
[BlackTeam "Kyrgyzstan"]
[WhiteFideId "1637819"]
[BlackFideId "13801643"]
[EventDate "2014.12.13"]

1. d4 Nf6 2. Nf3 e6 3. c4 b6 4. g3 Bb7 5. Bg2 d5 6. O-O Be7 7. Nbd2 O-O 8. b3 c5
9. Bb2 Nbd7 10. Rc1 Rc8 11. Ne5 cxd4 12. Bxd4 Nxe5 13. Bxe5 Bc5 14. h3 Qe7 15.
Bxf6 Qxf6 16. e4 Qe5 17. cxd5 exd5 18. exd5 Bxd5 19. Nc4 Bxc4 20. Rxc4 Rcd8 21.
Qc2 Rd6 22. Re4 Qf6 23. Rfe1 g6 24. Qe2 Re6 25. Rxe6 fxe6 26. Rf1 e5 27. Bd5+
Kg7 28. Kg2 Qd6 29. Bf3 Rd8 30. Re1 Bd4 31. Rd1 Rc8 32. Rd2 Qc5 33. Be4 Qb4 34.
Rc2 Rxc2 35. Qxc2 Qc5 36. Qxc5 Bxc5 37. f3 1/2-1/2

[Event "World Youth U16 Olympiad"]
[Site "Gyor HUN"]
[Date "2014.12.21"]
[Round "10.15"]
[Board "1"]
[White "Dankhazi, Andras"]
[Black "Mraz, Ondrej"]
[Result "1/2-1/2"]
[WhiteElo "2237"]
[BlackElo "2138"]
[WhiteTeam "Hungary 3"]
[BlackTeam "Slovakia Middle"]
[WhiteFideId "714267"]
[BlackFideId "14900335"]
[EventDate "2014.12.13"]

1. d4 d5 2. c4 c6 3. Nc3 Nf6 4. e3 e6 5. Nf3 Nbd7 6. Qc2 Bd6 7. Bd3 O-O 8. O-O
dxc4 9. Bxc4 e5 10. h3 exd4 11. exd4 Nb6 12. Bb3 h6 13. Ne5 Nbd5 14. Nxd5 Nxd5
15. Qd3 Be6 16. Bc2 f5 17. a3 Qf6 18. Re1 Rad8 19. b4 Rfe8 20. Bb2 Nf4 21. Qg3
Qg5 22. Qxg5 hxg5 23. Nd3 Nxd3 24. Bxd3 Kf7 25. Re2 g6 26. Rae1 Bd5 27. Rxe8
Rxe8 28. Rxe8 Kxe8 29. g4 Be6 30. f3 Kf7 1/2-1/2

[Event "World Youth U16 Olympiad"]
[Site "Gyor HUN"]
[Date "2014.12.21"]
[Round "10.15"]
[Board "2"]
[White "Haring, Viktor"]
[Black "Peczely, Sebastian Zsombor"]
[Result "0-1"]
[WhiteElo "2051"]
[BlackElo "2197"]
[WhiteTeam "Slovakia Middle"]
[BlackTeam "Hungary 3"]
[WhiteFideId "14919400"]
[BlackFideId "750964"]
[EventDate "2014.12.13"]

1. Nf3 Nf6 2. g3 g6 3. Bg2 Bg7 4. O-O O-O 5. d4 d5 6. Nbd2 b6 7. Ne5 Bb7 8. Ndf3
Nbd7 9. Bf4 e6 10. c4 c5 11. Qa4 cxd4 12. Nxd4 Nc5 13. Qd1 dxc4 14. Bxb7 Nxb7
15. Nxc4 Nd5 16. Be5 Rc8 17. Bxg7 Kxg7 18. Rc1 Nf6 19. Nb5 Rc5 20. Qb3 Qd5 21.
Nxa7 Ra8 22. Rfd1 Na5 23. Nxa5 Rxc1 24. Rxc1 Rxa7 25. Nc4 Rc7 26. Rc2 Qd1+ 27.
Kg2 Qd5+ 28. f3 Ng4 29. e4 Qd4 30. fxg4 Qxe4+ 31. Kh3 h5 32. gxh5 Rc5 33. g4
gxh5 34. Qc3+ f6 35. Rg2 Rxc4 36. Qg3 Kf7 37. Qa3 hxg4+ 38. Kg3 Qf4+ 39. Kh4 g3+ 0-1

[Event "World Youth U16 Olympiad"]
[Site "Gyor HUN"]
[Date "2014.12.21"]
[Round "10.15"]
[Board "3"]
[White "Krstulovic, Alex"]
[Black "Sahidi, Samir"]
[Result "0-1"]
[WhiteTitle "FM"]
[WhiteElo "2099"]
[BlackElo "2026"]
[WhiteTeam "Hungary 3"]
[BlackTeam "Slovakia Middle"]
[WhiteFideId "760056"]
[BlackFideId "14936372"]
[EventDate "2014.12.13"]

1. d4 Nf6 2. c4 b6 3. Nc3 Bb7 4. Qc2 c5 5. d5 e5 6. e4 d6 7. Nge2 g6 8. Ng3 Bg7
9. h4 h5 10. Bg5 Nbd7 11. Be2 a6 12. O-O Qc7 13. Qd2 Nh7 14. a4 Nxg5 15. hxg5 h4
16. Nh1 Bf8 17. f4 exf4 18. Qxf4 Ne5 19. Nf2 Bc8 20. Ng4 Bxg4 21. Bxg4 Nxc4 22.
e5 Nxe5 23. Rae1 Bg7 24. Ne4 Kd8 25. Bh3 Ra7 26. Re2 a5 27. Nc3 Qe7 28. Nb5 Ra8
29. Bg4 Rf8 30. Bh3 f6 31. Qxh4 f5 32. Qe1 Kd7 33. Qd2 Rae8 34. Kh1 Rh8 35. Rfe1
Rh5 36. Qc2 Qxg5 37. Qb3 Qd8 38. Na7 Qb8 39. Qb5+ Kc7 40. Nc6 Qa8 41. Nd4 Qxd5
42. Qxe8 Rxh3+ 43. Kg1 Qxd4+ 44. Re3 Rxe3 45. Qe7+ Nd7 0-1

[Event "World Youth U16 Olympiad"]
[Site "Gyor HUN"]
[Date "2014.12.21"]
[Round "10.15"]
[Board "4"]
[White "Poliakova, Emma"]
[Black "Kassay, Lilla"]
[Result "1/2-1/2"]
[WhiteElo "1679"]
[BlackElo "1889"]
[WhiteTeam "Slovakia Middle"]
[BlackTeam "Hungary 3"]
[WhiteFideId "73601144"]
[BlackFideId "751138"]
[EventDate "2014.12.13"]

1. e4 c5 2. Nf3 d6 3. Bb5+ Bd7 4. Bxd7+ Qxd7 5. O-O Nc6 6. c3 Nf6 7. Re1 e5 8.
d4 cxd4 9. cxd4 Rc8 10. Nc3 Be7 11. h3 h6 12. Be3 b6 13. Qd2 O-O 14. Rad1 Rfd8
15. d5 Na5 16. b3 Rc7 17. Qd3 Nb7 18. Rc1 Rdc8 19. Nd2 Nc5 20. Bxc5 Rxc5 21. a4
Nh5 22. Nc4 Nf4 23. Qf3 Qb7 24. Ne2 Ng6 25. Rcd1 a6 26. Ng3 Bf8 27. Nf5 Qc7 28.
Ra1 b5 29. axb5 axb5 30. Na5 Rc3 31. Qd1 Qb6 32. Nc6 Kh7 33. b4 Nf4 34. Qd2 Rc4
35. Kh2 g6 36. Ng3 Bg7 37. Rac1 Rxc1 38. Rxc1 Ra8 39. Na5 Qd4 40. Qxd4 exd4 41.
Rd1 d3 42. Nf1 Bc3 43. g3 Nh5 44. Rxd3 Bxb4 45. Nc6 Bc5 46. Rf3 Kg7 47. e5 dxe5
48. Nxe5 1/2-1/2

[Event "World Youth U16 Olympiad"]
[Site "Gyor HUN"]
[Date "2014.12.21"]
[Round "10.16"]
[Board "1"]
[White "Dale, Ari"]
[Black "Valkama, Eero"]
[Result "1-0"]
[WhiteTitle "IM"]
[WhiteElo "2252"]
[BlackElo "2108"]
[WhiteTeam "Australia"]
[BlackTeam "Finland"]
[WhiteFideId "3213145"]
[BlackFideId "507555"]
[EventDate "2014.12.13"]

1. c4 Nf6 2. Nc3 e5 3. g3 d5 4. cxd5 Nxd5 5. Bg2 Nb6 6. Nf3 Nc6 7. d3 Be7 8. a4
Be6 9. a5 Nd5 10. Ng5 Bxg5 11. Bxg5 f6 12. Bd2 O-O 13. O-O Qd7 14. Qa4 Rad8 15.
Ra3 Nd4 16. Qd1 c6 17. Nxd5 Bxd5 18. Bxd5+ Qxd5 19. Be3 Rf7 20. Bxd4 exd4 21. b4
f5 22. Qb3 Qe5 23. Ra2 f4 24. Rc2 a6 25. Rc5 Qxe2 26. Rf5 Rd5 27. Rxd5 cxd5 28.
Qxd5 Qxd3 29. Re1 g6 30. Re7 Qb1+ 31. Kg2 f3+ 32. Kh3 Qf5+ 33. Qxf5 gxf5 34. Re1
Kg7 35. g4 f4 36. g5 Rf5 37. Kg4 Rb5 38. Re7+ Kf8 39. Rxh7 Rxb4 40. Kf5 d3 41.
Rd7 b6 42. Kf6 Ke8 43. Rxd3 bxa5 44. Rd6 Rb2 45. g6 Rxf2 46. g7 Rg2 47. Rd2 Rxd2
48. g8=Q+ Kd7 49. Qg4+ Kc6 50. Qxf3+ Kb5 51. Qb3+ 1-0

[Event "World Youth U16 Olympiad"]
[Site "Gyor HUN"]
[Date "2014.12.21"]
[Round "10.16"]
[Board "2"]
[White "Keinanen, Toivo"]
[Black "Puccini, Jack"]
[Result "1/2-1/2"]
[BlackTitle "CM"]
[WhiteElo "2045"]
[BlackElo "2188"]
[WhiteTeam "Finland"]
[BlackTeam "Australia"]
[WhiteFideId "509825"]
[BlackFideId "3213307"]
[EventDate "2014.12.13"]

1. b3 e5 2. Bb2 Nc6 3. e3 Nf6 4. Bb5 Bd6 5. Ne2 a6 6. Bxc6 dxc6 7. d3 O-O 8. Nd2
b5 9. O-O Qe7 10. Ng3 Bg4 11. Nf3 Nh5 12. Ne4 f5 13. Nxd6 cxd6 14. h3 Bxf3 15.
Qxf3 Qe8 16. c4 bxc4 17. bxc4 f4 18. Qg4 Rf6 19. Kh1 Qf7 20. e4 c5 21. Rab1 Rh6
22. Bc3 Rf8 23. Rb6 f3 24. g3 Nf6 25. Qxf3 Qd7 26. Qf5 Rxh3+ 27. Kg2 Qxf5 28.
exf5 Rh5 29. Rxd6 Rxf5 30. f3 g5 31. Rxa6 g4 32. f4 exf4 33. Rxf4 Rxf4 34. gxf4
Nh5 35. Be5 Nxf4+ 36. Bxf4 Rxf4 37. Rc6 Rd4 38. Rxc5 Rxd3 39. Rg5+ Kf7 40. Rxg4
Rd2+ 41. Kf3 Rxa2 42. Ke4 Ke6 43. Rh4 Kd6 44. Kd4 Rg2 45. Rh6+ Rg6 46. Rxh7 Kc6
47. Ra7 Rg4+ 48. Kc3 Rg5 49. Ra6+ Kb7 50. Rf6 Kc7 51. Kb4 Rh5 52. Ra6 Kb7 53.
Rd6 Kc7 54. Rd5 Rxd5 55. cxd5 Kd6 56. Kc4 Kc7 57. Kc5 Kd7 58. d6 Kd8 59. Kd5 Kd7
60. Ke5 Kd8 1/2-1/2

[Event "World Youth U16 Olympiad"]
[Site "Gyor HUN"]
[Date "2014.12.21"]
[Round "10.16"]
[Board "3"]
[White "Loh, Zachary"]
[Black "Syvalahti, Timo"]
[Result "1-0"]
[WhiteElo "2075"]
[BlackElo "1923"]
[WhiteTeam "Australia"]
[BlackTeam "Finland"]
[WhiteFideId "3210383"]
[BlackFideId "509515"]
[EventDate "2014.12.13"]

1. e4 e6 2. d4 d5 3. Nc3 Bb4 4. e5 c5 5. a3 Bxc3+ 6. bxc3 Ne7 7. Qg4 Qc7 8. Bd3
cxd4 9. Ne2 Nbc6 10. cxd4 Bd7 11. O-O O-O 12. Bg5 Kh8 13. Qh3 Ng6 14. Nf4 Kg8
15. Nh5 h6 16. Nf6+ gxf6 17. exf6 1-0

[Event "World Youth U16 Olympiad"]
[Site "Gyor HUN"]
[Date "2014.12.21"]
[Round "10.16"]
[Board "4"]
[White "Nazarova, Anastasia"]
[Black "Chew Lee, Max"]
[Result "0-1"]
[WhiteTitle "WCM"]
[WhiteElo "1850"]
[BlackElo "1931"]
[WhiteTeam "Finland"]
[BlackTeam "Australia"]
[WhiteFideId "34101737"]
[BlackFideId "3213137"]
[EventDate "2014.12.13"]

1. e4 e6 2. d3 d5 3. Nd2 Nf6 4. Ngf3 b6 5. g3 Bb7 6. Qe2 Be7 7. Bg2 c5 8. O-O
Nc6 9. e5 Nd7 10. c3 Qc7 11. Re1 g5 12. h3 h5 13. g4 O-O-O 14. a3 hxg4 15. hxg4
Rde8 16. d4 f5 17. gxf5 exf5 18. Qd3 g4 19. Nh2 Rh5 20. Ndf1 Reh8 21. b4 c4 22.
Qd1 Nd8 23. a4 a6 24. Ba3 Nf8 25. Ra2 Nde6 26. Bc1 Bd8 27. Nxg4 fxg4 28. Qxg4
Rh4 29. Qg3 Qh7 30. f4 Rh1+ 31. Kf2 Bh4 32. Bxh1 Bxg3+ 33. Nxg3 Qh2+ 34. Bg2 Rg8 0-1

[Event "World Youth U16 Olympiad"]
[Site "Gyor HUN"]
[Date "2014.12.21"]
[Round "10.17"]
[Board "1"]
[White "Thybo, Jesper Sondergaard"]
[Black "Naotunna, Dineth Nimnaka"]
[Result "1-0"]
[WhiteTitle "FM"]
[WhiteElo "2255"]
[BlackElo "1947"]
[WhiteTeam "Denmark"]
[BlackTeam "Sri Lanka"]
[WhiteFideId "1438832"]
[BlackFideId "9919228"]
[EventDate "2014.12.13"]

1. Nf3 d5 2. d4 Nf6 3. c4 e6 4. g3 Be7 5. Bg2 O-O 6. O-O b6 7. cxd5 exd5 8. Nc3
Bb7 9. Bf4 Nbd7 10. Rc1 c5 11. Ne5 Re8 12. dxc5 Nxc5 13. Nd3 Nfe4 14. Nxc5 Bxc5
15. Qd3 Nxc3 16. Rxc3 Qd7 17. b4 Bd6 18. Bxd6 Qxd6 19. Rfc1 Qxb4 20. Rc7 Re7 21.
Rxb7 Rxb7 22. Bxd5 Qe7 23. Qf3 Qg5 24. e3 Rbb8 25. Bxa8 Qd8 26. Bd5 Qd7 27. Qf4
Rd8 28. e4 Rf8 29. Rc7 Qe8 30. Rxa7 b5 31. a3 h6 32. Kg2 1-0

[Event "World Youth U16 Olympiad"]
[Site "Gyor HUN"]
[Date "2014.12.21"]
[Round "10.17"]
[Board "2"]
[White "Kuruppu, Supun Dasantha"]
[Black "Bjerre, Jonas"]
[Result "1-0"]
[WhiteTitle "CM"]
[WhiteElo "1896"]
[BlackElo "2073"]
[WhiteTeam "Sri Lanka"]
[BlackTeam "Denmark"]
[WhiteFideId "9902805"]
[BlackFideId "1444948"]
[EventDate "2014.12.13"]

1. d4 Nf6 2. c4 e6 3. Nc3 Bb4 4. e3 O-O 5. Ne2 Re8 6. a3 Bf8 7. Nf4 d5 8. cxd5
exd5 9. Bd3 c6 10. O-O Nbd7 11. f3 g6 12. e4 dxe4 13. fxe4 c5 14. d5 c4 15. Bc2
Qb6+ 16. Kh1 Ne5 17. h3 Bg7 18. Qe2 a6 19. Be3 Qc7 20. Rad1 Qd6 21. Qf2 Nfd7 22.
Na4 b5 23. Nb6 Nxb6 24. Bxb6 a5 25. Bc5 Qd7 26. d6 Bb7 27. Nd5 Bxd5 28. Rxd5 Nc6
29. a4 b4 30. Qe2 b3 31. Bd1 Ne5 32. Qe3 Qxa4 33. Qf2 Qd7 34. Bd4 Ra6 35. Bxe5
Rxe5 36. Bg4 Qd8 37. Qxf7+ Kh8 38. Rxe5 Bxe5 39. Qe7 1-0

[Event "World Youth U16 Olympiad"]
[Site "Gyor HUN"]
[Date "2014.12.21"]
[Round "10.17"]
[Board "3"]
[White "Moller, Sophus Mechlenburg"]
[Black "Herath, N N B"]
[Result "1-0"]
[WhiteElo "2133"]
[BlackElo "1743"]
[WhiteTeam "Denmark"]
[BlackTeam "Sri Lanka"]
[WhiteFideId "1439090"]
[BlackFideId "9914030"]
[EventDate "2014.12.13"]

1. e4 e6 2. d4 d5 3. Nc3 Nf6 4. e5 Nfd7 5. f4 c5 6. Nf3 Nc6 7. Be3 Be7 8. dxc5
Nxc5 9. Be2 O-O 10. O-O b6 11. Qe1 f5 12. exf6 Bxf6 13. Bb5 Bd7 14. Bxc6 Bxc6
15. Bxc5 bxc5 16. Qxe6+ 1-0

[Event "World Youth U16 Olympiad"]
[Site "Gyor HUN"]
[Date "2014.12.21"]
[Round "10.17"]
[Board "4"]
[White "Doluweera, Minul Sanjula"]
[Black "Vangsgaard, Freja"]
[Result "1-0"]
[WhiteTitle "CM"]
[WhiteElo "2031"]
[BlackElo "1801"]
[WhiteTeam "Sri Lanka"]
[BlackTeam "Denmark"]
[WhiteFideId "9910760"]
[BlackFideId "1436589"]
[EventDate "2014.12.13"]

1. c4 Nf6 2. Nf3 e6 3. d4 b6 4. a3 Bb7 5. Nc3 d5 6. cxd5 exd5 7. Bg5 Be7 8. e3
O-O 9. Bd3 Nbd7 10. O-O h6 11. Bf4 Nh5 12. Be5 Nxe5 13. dxe5 g6 14. e6 Bd6 15.
exf7+ Kxf7 16. Qc2 Qf6 17. Nb5 Rg8 18. Nxd6+ Qxd6 19. Bxg6+ Rxg6 20. Qf5+ Ke7
21. Qxh5 Rag8 22. Nh4 Rg5 23. Nf5+ Kf6 24. Qxg5+ hxg5 25. Nxd6 cxd6 26. Rfd1 Ke6
27. Rac1 Kd7 28. Rd4 Rf8 29. Rg4 Rg8 30. h4 1-0

[Event "World Youth U16 Olympiad"]
[Site "Gyor HUN"]
[Date "2014.12.21"]
[Round "10.18"]
[Board "1"]
[White "Buzas, Bertalan"]
[Black "Petrov, Martin"]
[Result "0-1"]
[WhiteElo "2109"]
[BlackElo "2183"]
[WhiteTeam "Transdanubium West"]
[BlackTeam "Bulgaria"]
[WhiteFideId "751820"]
[BlackFideId "2911086"]
[EventDate "2014.12.13"]

1. e4 c5 2. Nf3 d6 3. d4 cxd4 4. Nxd4 Nf6 5. Nc3 a6 6. h3 e5 7. Nde2 b5 8. g4 b4
9. Nd5 Nbd7 10. Bg2 Nxd5 11. exd5 h5 12. g5 h4 13. Be3 Nb6 14. Qd3 Nd7 15. Qe4
Be7 16. f4 exf4 17. Nxf4 O-O 18. Ne6 fxe6 19. dxe6 Nb6 20. Qg6 Qe8 21. Qxe8 Rxe8
22. Bxb6 Rb8 23. Bc6 Rf8 24. Ba7 Bb7 25. Bxb7 Rxb7 26. Be3 Rb5 27. O-O-O Re5 28.
Bd2 Rxe6 29. Bxb4 Bxg5+ 30. Kb1 Bf4 31. Rd3 Bg3 32. a3 Rf2 33. Rg1 Ree2 34.
Rdxg3 hxg3 35. Rxg3 Rxc2 36. Bc3 Rg2 37. Rxg7+ Rxg7 38. Kxc2 Rh7 39. Kd3 Rxh3+
40. Kc4 Rh5 41. Bb4 d5+ 42. Kc5 Kf7 43. Bc3 Ke7 44. Bd4 Kd7 45. Bc3 Ke6 46. Kb6
a5 47. Bxa5 d4 48. Bd2 Rh2 49. Bc1 Rc2 50. Bg5 Rxb2+ 51. Ka5 d3 52. a4 Kd5 53.
Ka6 Kc6 54. a5 d2 55. Bxd2 Rxd2 56. Ka7 Ra2 57. a6 Ra1 0-1